Statistics for NFL starting cornerbacks

Click here to take the quiz!

General Stats

  • This quiz has been taken 91 times
  • The average score is 10 of 32

Answer Stats

TeamPlayer% Correct
BufGilmore
84%
SeaSherman
64%
KcPeters
62%
WasNorman
58%
JacRamsey
58%
NyjRevis
57%
ArzPeterson
53%
CInJones
51%
CleHaden
50%
DetSlay
50%
DenTalib
50%
BalSmith
45%
NeButler
43%
MinRhodes
43%
AtlTrufant
37%
IndDavis
30%
StlJenkins
30%
TenMccourty
28%
TbGrimes
24%
DalCarr
20%
HouJoseph
18%
CarTillman
17%
SdVerrett
14%
GbShields
13%
PitGay
12%
NygRodgers Cromartie
12%
MiaMaxwell
9%
OakHayden
4%
ChiPorter
4%
NoBreaux
3%
SfBrock
3%
PhiCarroll
1%

Score Distribution

Percentile by Number Answered

Percent of People with Each Score

Your Score History

You have not taken this quiz